000
00347pam a2200157a 44500
008
230515b1993 xxu||||| |||| 00| 0 eng d
020
_a
NULL
041
_a
ENGLISH
082
_a
N.D.
100
_a
Agrawal D.C.
245
_a
Fibre Optic Communication
250
_a
0
260
_a
NULL
_b
Wheeler Pub.
_c
1993
300
_a
427
650
_a
NULL
999
_c
575377
_d
575377